[Event "Fagernes GM Swiss 2020"]
[Site "Fagernes"]
[Date "2020.10.07"]
[Round "5.14"]
[White "Skotheim, Andreas"]
[Black "Fossan, Aleksander"]
[Result "1/2-1/2"]
[WhiteElo "2120"]
[BlackElo "2171"]
[Annotator "ChessBase"]
[PlyCount "32"]
[EventDate "2020.10.04"]
[EventType "swiss"]
[EventCountry "NOR"]
[SourceTitle "playchess.com"]
[Source "ChessBase"]
[SourceQuality "1"]
[TimeControl "40/6000+30:2400+30"]

1. e4 {[%emt 0:00:00]} c5 {[%emt 0:00:28]} 2. Nf3 {[%emt 0:00:00]} g6 {[%emt 0:00:14]} 3. d4 {[%emt 0:00:38]} cxd4 {[%emt 0:00:28]} 4. Qxd4 {[%emt 0:00:12]} Nf6 {[%emt 0:00:07]} 5. Nc3 {[%emt 0:00:13]} Nc6 {[%emt 0:00:23]} 6. Qa4 {[%emt 0:00:10]} d6 {[%emt 0:00:30]} 7. e5 {[%emt 0:00:26]} Ng4 {[%emt 0:00:26]} 8. exd6 {[%emt 0:22:00]} Qb6 {[%emt 0:00:11]} 9. Nd1 {[%emt 0:03:51]} exd6 {[%emt 0:00:58]} 10. c3 {[%emt 0:23:55]} Bg7 {[%emt 0:28:41]} 11. Bc4 {[%emt 0:06:16]} O-O {[%emt 0:02:14]} 12. O-O {[%emt 0:01:12]} Bd7 {[%emt 0:04:51]} 13. Qa3 {[%emt 0:06:30]} Nce5 {[%emt 0:07:58]} 14. Nxe5 {[%emt 0:01:40]} dxe5 {[%emt 0:01:35]} 15. Ne3 {[%emt 0:01:04]} Qc7 {[%emt 0:04:15]} 16. Qb3 {[%emt 0:08:57]} Nf6 {[%emt 0:07:45]} 1/2-1/2

[Event "Fagernes GM Swiss 2020"]
[Site "Fagernes"]
[Date "2020.10.07"]
[Round "5.15"]
[White "Holleland, Sigve"]
[Black "Abdrlauf, Elham"]
[Result "0-1"]
[WhiteElo "2133"]
[BlackElo "2362"]
[Annotator "ChessBase"]
[PlyCount "110"]
[EventDate "2020.10.04"]
[EventType "swiss"]
[EventCountry "NOR"]
[SourceTitle "playchess.com"]
[Source "ChessBase"]
[SourceQuality "1"]
[TimeControl "40/6000+30:2400+30"]

1. d4 {[%emt 0:02:29]} Nf6 {[%emt 0:00:00]} 2. c4 {[%emt 0:00:08]} e6 {[%emt 0:00:00]} 3. Nf3 {[%emt 0:00:06]} d5 {[%emt 0:00:00]} 4. g3 {[%emt 0:00:07]} Bb4+ {[%emt 0:00:00]} 5. Bd2 {[%emt 0:00:18]} Be7 {[%emt 0:00:00]} 6. Bg2 {[%emt 0:01:06]} Nbd7 {[%emt 0:00:10]} 7. O-O {[%emt 0:03:57]} c6 {[%emt 0:00:06]} 8. a4 {[%emt 0:03:42]} Ne4 {[%emt 0:00:41]} 9. Nc3 {[%emt 0:03:14]} Nxd2 {[%emt 0:00:27]} 10. Nxd2 {[%emt 0:00:47]} f5 {[%emt 0:08:53]} 11. f4 {[%emt 0:01:57]} Qb6 {[%emt 0:06:09]} 12. c5 {[%emt 0:04:51]} Qxb2 {[%emt 0:02:29]} 13. Rf3 {[%emt 0:08:47]} Qb4 {[%emt 0:04:02]} 14. Nb3 {[%emt 0:00:28]} b6 {[%emt 0:07:32]} 15. Na2 {[%emt 0:21:05]} Qc4 {[%emt 0:00:05]} 16. Rc3 {[%emt 0:00:20]} Qa6 {[%emt 0:00:05]} 17. cxb6 {[%emt 0:00:55]} Qxb6 {[%emt 0:00:06]} 18. a5 {[%emt 0:04:29]} Qc7 {[%emt 0:00:13]} 19. Rac1 {[%emt 0:04:22]} Nb8 {[%emt 0:00:07]} 20. g4 {[%emt 0:01:09]} fxg4 {[%emt 0:06:03]} 21. e3 {[%emt 0:02:50]} O-O {[%emt 0:03:05]} 22. Qxg4 {[%emt 0:02:32]} Ba3 {[%emt 0:00:33]} 23. R1c2 {[%emt 0:00:33]} Qf7 {[%emt 0:02:48]} 24. Qg3 {[%emt 0:01:49]} Bd7 {[%emt 0:03:54]} 25. Bf1 {[%emt 0:00:54]} Bd6 {[%emt 0:04:26]} 26. Bd3 {[%emt 0:02:09]} Kh8 {[%emt 0:05:46]} 27. Rg2 {[%emt 0:03:20]} g6 {[%emt 0:01:11]} 28. Nd2 {[%emt 0:02:12]} c5 {[%emt 0:03:13]} 29. dxc5 {[%emt 0:05:39]} d4 {[%emt 0:02:57]} 30. exd4 {[%emt 0:06:05]} Bxf4 {[%emt 0:00:03]} 31. Qe1 {[%emt 0:00:39]} Nc6 {[%emt 0:06:25]} 32. Nf3 {[%emt 0:03:03]} Rae8 {[%emt 0:01:48]} 33. Be4 {[%emt 0:03:23]} Qf6 {[%emt 0:07:16]} 34. Rd3 {[%emt 0:04:37]} Re7 {[%emt 0:08:52]} 35. Nc1 {[%emt 0:01:30]} Ref7 {[%emt 0:01:47]} 36. Ne2 {[%emt 0:00:29]} Bc7 {[%emt 0:00:06]} 37. Kh1 {[%emt 0:01:48]} Nxa5 {[%emt 0:01:53]} 38. Qg1 {[%emt 0:03:14]} Qg7 {[%emt 0:04:13]} 39. Rd1 {[%emt 0:06:20]} Rxf3 {[%emt 0:00:44]} 40. Bxg6 {[%emt 0:01:55]} hxg6 {[%emt 0:00:39]} 41. Rxg6 {[%emt 0:40:04]} Qh7 {[%emt 0:41:04]} 42. d5 {[%emt 0:00:38]} Bxh2 {[%emt 0:01:05]} 43. Qxh2 {[%emt 0:00:00]} Rh3 {[%emt 0:00:00]} 44. Rg2 {[%emt 0:00:00]} exd5 {[%emt 0:00:00]} 45. Ng1 {[%emt 0:00:00]} Rxh2+ {[%emt 0:00:00]} 46. Rxh2 {[%emt 0:00:00]} Rf2 {[%emt 0:00:00]} 47. Rxh7+ {[%emt 0:00:00]} Kxh7 {[%emt 0:22:34]} 48. Ra1 {[%emt 0:00:00]} Nc6 {[%emt 0:00:00]} 49. Ra6 {[%emt 0:00:00]} d4 {[%emt 0:00:00]} 50. Nh3 {[%emt 0:00:00]} Bxh3 {[%emt 0:00:00]} 51. Rxc6 {[%emt 0:05:30]} Bg2+ {[%emt 0:00:00]} 52. Kg1 {[%emt 0:00:00]} Bxc6 {[%emt 0:00:00]} 53. Kxf2 {[%emt 0:00:00]} Kg6 {[%emt 0:00:00]} 54. Ke2 {[%emt 0:00:00]} Kf5 {[%emt 0:00:00]} 55. Kd3 {[%emt 0:00:00]} Ke5 {[%emt 0:00:00]} 0-1

[Event "Fagernes GM Swiss 2020"]
[Site "Fagernes"]
[Date "2020.10.07"]
[Round "5.16"]
[White "Sorensen, Simen"]
[Black "Nielsen, Andre"]
[Result "1/2-1/2"]
[WhiteElo "2047"]
[BlackElo "2218"]
[Annotator "ChessBase"]
[PlyCount "63"]
[EventDate "2020.10.04"]
[EventType "swiss"]
[EventCountry "NOR"]
[SourceTitle "playchess.com"]
[Source "ChessBase"]
[SourceQuality "1"]
[TimeControl "40/6000+30:2400+30"]

1. d4 {[%emt 0:00:36]} Nf6 {[%emt 0:00:02]} 2. c4 {[%emt 0:00:12]} g6 {[%emt 0:00:41]} 3. Nc3 {[%emt 0:00:34]} Bg7 {[%emt 0:00:19]} 4. e4 {[%emt 0:00:22]} d6 {[%emt 0:00:13]} 5. f3 {[%emt 0:04:03]} c5 {[%emt 0:05:13]} 6. dxc5 {[%emt 0:09:37]} dxc5 {[%emt 0:02:40]} 7. Qxd8+ {[%emt 0:01:33]} Kxd8 {[%emt 0:00:15]} 8. Be3 {[%emt 0:01:16]} Nfd7 {[%emt 0:07:30]} 9. Nge2 {[%emt 0:03:54]} Nc6 {[%emt 0:01:34]} 10. O-O-O {[%emt 0:04:12]} b6 {[%emt 0:01:39]} 11. f4 {[%emt 0:13:35]} Kc7 {[%emt 0:06:59]} 12. g4 {[%emt 0:07:01]} g5 {[%emt 0:22:50]} 13. h3 {[%emt 0:21:39]} gxf4 {[%emt 0:03:48]} 14. Bxf4+ {[%emt 0:01:15]} Kb7 {[%emt 0:01:40]} 15. b3 {[%emt 0:16:28]} Nde5 {[%emt 0:02:19]} 16. a3 {[%emt 0:01:10]} a6 {[%emt 0:09:01]} 17. Bg2 {[%emt 0:01:10]} Be6 {[%emt 0:01:02]} 18. Nd5 {[%emt 0:06:25]} b5 {[%emt 0:04:10]} 19. Bxe5 {[%emt 0:03:48]} Bxe5 {[%emt 0:01:25]} 20. Kc2 {[%emt 0:00:37]} Rhe8 {[%emt 0:12:46]} 21. Rb1 {[%emt 0:00:38]} Na5 {[%emt 0:01:34]} 22. Nef4 {[%emt 0:01:40]} bxc4 {[%emt 0:12:33]} 23. bxc4+ {[%emt 0:00:37]} Ka7 {[%emt 0:00:30]} 24. Nd3 {[%emt 0:06:05]} Nxc4 {[%emt 0:06:45]} 25. Nxe5 {[%emt 0:01:17]} Bxd5 {[%emt 0:00:56]} 26. exd5 {[%emt 0:01:49]} Nxe5 {[%emt 0:00:47]} 27. d6 {[%emt 0:01:18]} Rab8 {[%emt 0:00:42]} 28. dxe7 {[%emt 0:00:36]} Rxb1 {[%emt 0:01:12]} 29. Rxb1 {[%emt 0:00:09]} Rxe7 {[%emt 0:00:08]} 30. Kc3 {[%emt 0:00:29]} Rd7 {[%emt 0:02:14]} 31. Be4 {[%emt 0:00:24]} h6 {[%emt 0:02:03]} 32. Rf1 {[%emt 0:01:31]} 1/2-1/2

[Event "Fagernes GM Swiss 2020"]
[Site "Fagernes"]
[Date "2020.10.07"]
[Round "5.17"]
[White "Kvaloy, Aksel Bu"]
[Black "Mansoor, Afras"]
[Result "1-0"]
[WhiteElo "2174"]
[BlackElo "2117"]
[Annotator "TA"]
[PlyCount "87"]
[EventDate "2020.10.04"]
[EventType "swiss"]
[EventCountry "NOR"]
[SourceTitle "playchess.com"]
[Source "ChessBase"]
[SourceQuality "1"]

{[%evp 16,87,16,25,39,44,76,38,75,6,87,29,250,147,168,154,166,116,111,102,102,93,89,87,95,90,90,89,114,105,110,100,120,95,111,105,117,89,97,92,207,83,87,83,147,134,162,82,138,141,215,188,220,181,181,181,179,201,201,130,142,75,346,351,1734,1551,2081,959,920,762,754,745,2061,2036]} 1. e4 e5 2. Nf3 Nc6 3. Bb5 a6 4. Ba4 Nf6 5. O-O Be7 6. Re1 b5 7. Bb3 O-O 8. a4 b4 9. a5 d5 {C88: Closed Ruy Lopez: Anti-Marshall Systems.} 10. exd5 Nxd5 11. d3 Bg4 {[#]White is slightly better.} 12. h3 (12. Nbd2 $1 $16) 12... Bh5 (12... Bxf3 $1 $11 13. Qxf3 Nd4 14. Qxd5 Qxd5 15. Bxd5 Nxc2 16. Bxa8 (16. Rxe5 Bf6 $11) 16... Rxa8) 13. Nbd2 {[#]} (13. g4 $16 Bg6 14. Ba4 (14. Nxe5 Nd4 $16)) 13... Re8 $146 (13... Nf4 $11 {and Black is okay.}) ({Predecessor:} 13... Kh8 14. Nf1 Nd4 15. N1d2 Bxf3 16. Nxf3 Nxb3 17. cxb3 f6 18. Qc2 c5 19. Be3 Qd6 {1-0 (46) Mundayat,A (1880)-Jodorcovsky,A (1709) Guayaquil 2019}) 14. Ba4 ({White should play} 14. g4 $18 Bg6 15. Ba4 (15. Nxe5 Nxe5 16. Rxe5 Nf4 $16)) 14... Bxf3 $16 15. Nxf3 Qd6 16. Bxc6 Qxc6 17. Nxe5 Qf6 18. Nc4 Bc5 19. Be3 Nxe3 20. fxe3 ({Much worse is} 20. Nxe3 $6 Qxb2 21. Rb1 Qa2 $11) 20... Rad8 21. Qf3 Qg6 22. b3 Re6 23. Rad1 h5 24. Rf1 f6 25. d4 (25. Kh1 {looks sharper.} Qe8 26. Rde1 Bd6 27. Re2 Be5 28. e4) 25... Bf8 26. Qf5 (26. Rd3 {seems wilder.} Bd6 27. Qb7 Qg3 28. Nxd6 Rdxd6 29. Qxb4 Rxe3 30. Qc4+) 26... Qxf5 27. Rxf5 Kf7 (27... g6 $16 28. Rf2 Kf7) 28. Rff1 (28. Rxh5 $18 {is more deadly.} g6 29. Rh4) 28... g6 29. Kf2 Bh6 (29... h4 $142) 30. Kf3 f5 31. Rfe1 (31. g4 $18) 31... Bg7 ({Black should try} 31... Rd5) 32. d5 Re4 (32... Re7 $16) 33. d6 $36 {[%mdl 2048] White has strong initiative.} c6 34. d7 {aiming for Nd6+.} Ke7 35. Nd6 Re5 {[#]} 36. Nc8+ $1 Kf7 37. e4 Bf8 38. Kf4 ({Better is} 38. Nd6+ Bxd6 39. Rxd6) 38... Bg7 $2 {[%mdl 8192]} (38... Rxa5 $16 {was necessary.} 39. Nb6 fxe4) 39. Nd6+ Ke6 $2 (39... Ke7 40. Nc4 Rxe4+ 41. Rxe4+ fxe4) 40. exf5+ {White is clearly winning.} gxf5 41. Nxf5 (41. Nb7 $142 Rxd7 42. Nc5+ {[%mdl 64] Double Attack} Kf7 43. Rxd7+ Kf6 44. Rd6+ Ke7 45. Rxe5+ Kxd6 46. Rxf5) 41... Rxe1 42. Nxg7+ Kf7 43. Rxe1 Kxg7 44. Rd1 {Accuracy: White = 52%, Black = 42%.} 1-0

[Event "Fagernes GM Swiss 2020"]
[Site "Fagernes"]
[Date "2020.10.07"]
[Round "5.18"]
[White "Oye-Stromberg, Alexander"]
[Black "Royset, Pal"]
[Result "1-0"]
[WhiteElo "2048"]
[BlackElo "2150"]
[Annotator "ChessBase"]
[PlyCount "79"]
[EventDate "2020.10.04"]
[EventType "swiss"]
[EventCountry "NOR"]
[SourceTitle "playchess.com"]
[Source "ChessBase"]
[SourceQuality "1"]
[TimeControl "40/6000+30:2400+30"]

1. e4 {[%emt 0:00:00]} c5 {[%emt 0:00:00]} 2. a3 {[%emt 0:00:12]} Nf6 {[%emt 0:02:35]} 3. e5 {[%emt 0:01:13]} Nd5 {[%emt 0:00:20]} 4. Nf3 {[%emt 0:02:03]} Nc6 {[%emt 0:01:31]} 5. c4 {[%emt 0:12:32]} Nf4 {[%emt 0:05:18]} 6. b4 {[%emt 0:11:29]} Ng6 {[%emt 0:01:06]} 7. bxc5 {[%emt 0:13:40]} Ngxe5 {[%emt 0:00:50]} 8. Nxe5 {[%emt 0:00:11]} Nxe5 {[%emt 0:00:04]} 9. d4 {[%emt 0:00:15]} Ng6 {[%emt 0:05:06]} 10. Be3 {[%emt 0:00:46]} e6 {[%emt 0:02:59]} 11. Be2 {[%emt 0:06:58]} d6 {[%emt 0:01:21]} 12. cxd6 {[%emt 0:00:42]} Bxd6 {[%emt 0:00:16]} 13. O-O {[%emt 0:03:21]} O-O {[%emt 0:01:05]} 14. Nc3 {[%emt 0:01:19]} b6 {[%emt 0:08:28]} 15. Bf3 {[%emt 0:06:11]} Rb8 {[%emt 0:00:45]} 16. Nb5 {[%emt 0:07:44]} a6 {[%emt 0:05:13]} 17. Nxd6 {[%emt 0:00:50]} Qxd6 {[%emt 0:00:05]} 18. c5 {[%emt 0:08:12]} bxc5 {[%emt 0:02:50]} 19. dxc5 {[%emt 0:00:06]} Qc7 {[%emt 0:00:25]} 20. Rb1 {[%emt 0:04:24]} Rxb1 {[%emt 0:03:31]} 21. Qxb1 {[%emt 0:00:02]} Ne5 {[%emt 0:00:38]} 22. Qb6 {[%emt 0:01:24]} Nxf3+ {[%emt 0:05:50]} 23. gxf3 {[%emt 0:00:01]} Qe5 {[%emt 0:02:00]} 24. Rd1 {[%emt 0:00:33]} Qf6 {[%emt 0:00:31]} 25. c6 {[%emt 0:04:23]} e5 {[%emt 0:10:23]} 26. c7 {[%emt 0:03:12]} Qxb6 {[%emt 0:04:04]} 27. Bxb6 {[%emt 0:00:13]} f6 {[%emt 0:00:30]} 28. Rd8 {[%emt 0:02:55]} Kf7 {[%emt 0:00:05]} 29. Kf1 {[%emt 0:00:41]} Re8 {[%emt 0:01:04]} 30. Ke2 {[%emt 0:00:53]} g5 {[%emt 0:07:45]} 31. Kd3 {[%emt 0:02:11]} h5 {[%emt 0:03:40]} 32. Kc4 {[%emt 0:00:25]} g4 {[%emt 0:01:40]} 33. fxg4 {[%emt 0:00:09]} hxg4 {[%emt 0:00:06]} 34. Ba5 {[%emt 0:03:57]} f5 {[%emt 0:01:23]} 35. Bc3 {[%emt 0:03:20]} e4 {[%emt 0:01:03]} 36. Bd2 {[%emt 0:00:18]} Bb7 {[%emt 0:13:10]} 37. Bf4 {[%emt 0:01:10]} Rg8 {[%emt 0:02:18]} 38. Kc5 {[%emt 0:00:32]} Re8 {[%emt 0:00:43]} 39. Kb6 {[%emt 0:00:33]} Bc8 {[%emt 0:00:10]} 40. Ka7 {[%emt 0:01:16]} 1-0

[Event "Fagernes GM Swiss 2020"]
[Site "Fagernes"]
[Date "2020.10.07"]
[Round "5.19"]
[White "Skaslien, Ingrid"]
[Black "Nilsen, Tobias Lang"]
[Result "0-1"]
[WhiteElo "1976"]
[BlackElo "2146"]
[Annotator "ChessBase"]
[PlyCount "54"]
[EventDate "2020.10.04"]
[EventType "swiss"]
[EventCountry "NOR"]
[SourceTitle "playchess.com"]
[Source "ChessBase"]
[SourceQuality "1"]
[TimeControl "40/6000+30:2400+30"]

1. d4 {[%emt 0:00:00]} e6 {[%emt 0:00:00]} 2. c4 {[%emt 0:00:00]} Nf6 {[%emt 0:00:15]} 3. Nc3 {[%emt 0:00:09]} Bb4 {[%emt 0:00:52]} 4. f3 {[%emt 0:01:00]} c5 {[%emt 0:01:33]} 5. d5 {[%emt 0:00:25]} b5 {[%emt 0:01:31]} 6. e4 {[%emt 0:05:01]} bxc4 {[%emt 0:04:05]} 7. Bxc4 {[%emt 0:00:24]} exd5 {[%emt 0:00:12]} 8. exd5 {[%emt 0:13:50]} O-O {[%emt 0:01:07]} 9. Nge2 {[%emt 0:00:25]} d6 {[%emt 0:02:26]} 10. O-O {[%emt 0:02:38]} Nbd7 {[%emt 0:02:24]} 11. a3 {[%emt 0:10:01]} Ba5 {[%emt 0:01:25]} 12. Bg5 {[%emt 0:05:10]} Ne5 {[%emt 0:08:24]} 13. b3 {[%emt 0:01:59]} h6 {[%emt 0:06:05]} 14. Bh4 {[%emt 0:02:51]} Ng6 {[%emt 0:01:11]} 15. Bg3 {[%emt 0:03:37]} Nh5 {[%emt 0:04:40]} 16. Bf2 {[%emt 0:02:57]} Nhf4 {[%emt 0:22:33]} 17. Ne4 {[%emt 0:10:55]} Nxe2+ {[%emt 0:03:55]} 18. Qxe2 {[%emt 0:01:59]} Re8 {[%emt 0:00:30]} 19. Qb2 {[%emt 0:01:37]} Rb8 {[%emt 0:02:03]} 20. Rac1 {[%emt 0:08:20]} Ne5 {[%emt 0:01:12]} 21. Qa1 {[%emt 0:00:24]} Bf5 {[%emt 0:04:15]} 22. Qa2 {[%emt 0:10:36]} Bxe4 {[%emt 0:03:16]} 23. fxe4 {[%emt 0:00:06]} Qg5 {[%emt 0:00:38]} 24. b4 {[%emt 0:06:48]} cxb4 {[%emt 0:03:33]} 25. axb4 {[%emt 0:00:36]} Bxb4 {[%emt 0:00:09]} 26. Bxa7 {[%emt 0:03:31]} Ra8 {[%emt 0:02:38]} 27. Qf2 {[%emt 0:01:34]} Rxa7 {[%emt 0:00:54]} 0-1

[Event "Fagernes GM Swiss 2020"]
[Site "Fagernes"]
[Date "2020.10.07"]
[Round "5.20"]
[White "Brodtkorb, Lars Johan"]
[Black "Bentsen, Hakon"]
[Result "1-0"]
[WhiteElo "2166"]
[BlackElo "2120"]
[Annotator "ChessBase"]
[PlyCount "63"]
[EventDate "2020.10.04"]
[EventType "swiss"]
[EventCountry "NOR"]
[SourceTitle "playchess.com"]
[Source "ChessBase"]
[SourceQuality "1"]
[TimeControl "40/6000+30:2400+30"]

1. Nf3 {[%emt 0:14:14]} Nf6 {[%emt 0:00:00]} 2. g3 {[%emt 0:00:11]} d5 {[%emt 0:00:00]} 3. Bg2 {[%emt 0:00:12]} e6 {[%emt 0:00:11]} 4. O-O {[%emt 0:00:13]} Be7 {[%emt 0:00:18]} 5. d3 {[%emt 0:00:45]} O-O {[%emt 0:00:51]} 6. Nbd2 {[%emt 0:00:18]} b6 {[%emt 0:00:20]} 7. e4 {[%emt 0:00:23]} Bb7 {[%emt 0:02:15]} 8. e5 {[%emt 0:00:41]} Nfd7 {[%emt 0:00:09]} 9. Re1 {[%emt 0:00:12]} c5 {[%emt 0:00:36]} 10. h4 {[%emt 0:00:36]} Nc6 {[%emt 0:14:20]} 11. Nf1 {[%emt 0:00:50]} Qc7 {[%emt 0:02:19]} 12. Bf4 {[%emt 0:00:29]} Rfd8 {[%emt 0:00:36]} 13. Ne3 {[%emt 0:01:19]} Nf8 {[%emt 0:00:18]} 14. Ng4 {[%emt 0:01:19]} Ng6 {[%emt 0:07:03]} 15. Bd2 {[%emt 0:01:17]} Bf8 {[%emt 0:05:16]} 16. h5 {[%emt 0:05:11]} Nge7 {[%emt 0:00:09]} 17. h6 {[%emt 0:02:20]} g6 {[%emt 0:31:41]} 18. Bg5 {[%emt 0:25:56]} Rdc8 {[%emt 0:13:24]} 19. c3 {[%emt 0:35:13]} Nf5 {[%emt 0:12:45]} 20. Qd2 {[%emt 0:00:24]} Be7 {[%emt 0:02:48]} 21. Bxe7 {[%emt 0:03:09]} Qxe7 {[%emt 0:00:24]} 22. Nf6+ {[%emt 0:00:30]} Kh8 {[%emt 0:00:09]} 23. g4 {[%emt 0:10:55]} Nd6 {[%emt 0:00:42]} 24. Nxh7 {[%emt 0:03:43]} Nxe5 {[%emt 0:00:24]} 25. Rxe5 {[%emt 0:00:24]} Kxh7 {[%emt 0:00:06]} 26. Ng5+ {[%emt 0:00:16]} Kh8 {[%emt 0:03:22]} 27. Rae1 {[%emt 0:00:36]} d4 {[%emt 0:03:44]} 28. Qf4 {[%emt 0:00:33]} Bxg2 {[%emt 0:00:51]} 29. Rxe6 {[%emt 0:00:05]} fxe6 {[%emt 0:02:10]} 30. Rxe6 {[%emt 0:01:51]} Qxe6 {[%emt 0:05:47]} 31. Nxe6 {[%emt 0:00:01]} Kh7 {[%emt 0:01:01]} 32. Qxd6 {[%emt 0:00:51]} 1-0

[Event "Fagernes GM Swiss 2020"]
[Site "Fagernes"]
[Date "2020.10.07"]
[Round "5.21"]
[White "Bjerke, Richard"]
[Black "Melaa, Sondre"]
[Result "1/2-1/2"]
[WhiteElo "2144"]
[BlackElo "2210"]
[Annotator "TA"]
[PlyCount "39"]
[EventDate "2020.10.04"]
[EventType "swiss"]
[EventCountry "NOR"]
[SourceTitle "playchess.com"]
[Source "ChessBase"]
[SourceQuality "1"]

{[%evp 14,39,18,20,26,10,10,16,15,9,14,20,16,0,12,12,34,13,22,6,41,6,12,9,6,8,4,3]} 1. d4 Nf6 2. c4 e6 3. Nc3 d5 4. Nf3 Be7 5. Bg5 Nbd7 6. e3 h6 7. Bh4 O-O 8. Rc1 c5 {now supersedes 8...c6. D63: Queen's Gambit Declined: Classical: 7 Rc1.} 9. cxd5 Nxd5 10. Bxe7 Nxe7 11. Be2 b6 12. O-O Bb7 13. Qa4 cxd4 14. Qxd4 {[#]} Nc5 $146 ({Predecessor:} 14... Nf5 15. Qf4 g5 16. Qa4 Nc5 17. Qg4 Nd7 18. Rfd1 Qe7 19. Ne4 Rad8 20. Rc7 Bxe4 21. Qxe4 {1-0 (47) Iniyan,P (2466)-Kravtsiv,M (2680) Sharjah 2018}) 15. Rfd1 Qxd4 16. Rxd4 {And now b4 would win.} Rfd8 17. Rcd1 Nc6 {The position is equal.} 18. Rxd8+ Rxd8 19. Rxd8+ Nxd8 20. Nd4 {An uneventful encounter. Accuracy: White = 84%, Black = 87%.} 1/2-1/2

[Event "Fagernes GM Swiss 2020"]
[Site "Fagernes"]
[Date "2020.10.07"]
[Round "5.22"]
[White "Grover, Sigurd Loe"]
[Black "Machlik, Monika"]
[Result "1/2-1/2"]
[WhiteElo "2145"]
[BlackElo "2082"]
[Annotator "ChessBase"]
[PlyCount "64"]
[EventDate "2020.10.04"]
[EventType "swiss"]
[EventCountry "NOR"]
[SourceTitle "playchess.com"]
[Source "ChessBase"]
[SourceQuality "1"]
[TimeControl "40/6000+30:2400+30"]

1. d4 {[%emt 0:00:00]} Nf6 {[%emt 0:00:00]} 2. Nf3 {[%emt 0:01:36]} e6 {[%emt 0:00:00]} 3. c4 {[%emt 0:00:05]} Bb4+ {[%emt 0:00:05]} 4. Bd2 {[%emt 0:00:05]} a5 {[%emt 0:00:16]} 5. a3 {[%emt 0:00:06]} Bxd2+ {[%emt 0:00:13]} 6. Qxd2 {[%emt 0:00:11]} d6 {[%emt 0:02:54]} 7. Nc3 {[%emt 0:00:13]} Nc6 {[%emt 0:04:22]} 8. Rd1 {[%emt 0:00:46]} O-O {[%emt 0:06:51]} 9. e4 {[%emt 0:00:11]} Qe7 {[%emt 0:04:14]} 10. Be2 {[%emt 0:00:15]} e5 {[%emt 0:02:58]} 11. dxe5 {[%emt 0:00:09]} Nxe5 {[%emt 0:10:47]} 12. Nd4 {[%emt 0:00:12]} c6 {[%emt 0:22:05]} 13. O-O {[%emt 0:06:49]} Qc7 {[%emt 0:04:53]} 14. h3 {[%emt 0:22:49]} Ng6 {[%emt 0:03:37]} 15. Rfe1 {[%emt 0:02:40]} Re8 {[%emt 0:02:44]} 16. Bf1 {[%emt 0:00:56]} Ne5 {[%emt 0:07:07]} 17. f4 {[%emt 0:05:09]} Ng6 {[%emt 0:00:09]} 18. g3 {[%emt 0:00:29]} Nh5 {[%emt 0:04:42]} 19. Kh2 {[%emt 0:01:53]} Nf6 {[%emt 0:02:16]} 20. Bg2 {[%emt 0:02:41]} h6 {[%emt 0:00:47]} 21. Nc2 {[%emt 0:06:47]} Qb6 {[%emt 0:02:17]} 22. b4 {[%emt 0:04:00]} axb4 {[%emt 0:00:08]} 23. axb4 {[%emt 0:00:08]} h5 {[%emt 0:01:41]} 24. Qxd6 {[%emt 0:06:35]} h4 {[%emt 0:01:18]} 25. c5 {[%emt 0:00:09]} hxg3+ {[%emt 0:00:18]} 26. Kh1 {[%emt 0:10:27]} Qa6 {[%emt 0:01:47]} 27. Bf1 {[%emt 0:07:42]} g2+ {[%emt 0:05:48]} 28. Kxg2 {[%emt 0:02:03]} b5 {[%emt 0:01:41]} 29. Bd3 {[%emt 0:12:58]} Re6 {[%emt 0:08:24]} 30. Qd8+ {[%emt 0:01:55]} Re8 {[%emt 0:00:32]} 31. Qd6 {[%emt 0:07:07]} Re6 {[%emt 0:02:53]} 32. Qd8+ {[%emt 0:02:58]} Re8 {[%emt 0:01:01]} 1/2-1/2

[Event "Fagernes GM Swiss 2020"]
[Site "Fagernes"]
[Date "2020.10.07"]
[Round "5.23"]
[White "Flatebo, Hallvard Haug"]
[Black "Krivenko, Dion"]
[Result "0-1"]
[WhiteElo "1877"]
[BlackElo "2047"]
[Annotator "TA"]
[PlyCount "88"]
[EventDate "2020.10.04"]
[EventType "swiss"]
[EventCountry "NOR"]
[SourceTitle "playchess.com"]
[Source "ChessBase"]
[SourceQuality "1"]

{[%evp 12,88,56,51,55,-32,-21,-23,-19,-15,-21,-22,-36,-44,-18,-79,-91,-95,-81,-130,152,127,175,161,142,69,77,-24,45,37,45,-46,-41,-36,-31,-32,-42,-39,-25,-37,-23,-35,0,-30,0,-16,0,-26,-31,-92,0,-1,0,0,0,0,0,0,0,-7,0,0,0,0,0,0,0,-68,-64,-144,-90,-276,-277,-275,-213,-284,-266,-793,-785]} 1. d4 g6 2. c4 Bg7 3. Nc3 c5 4. d5 Bxc3+ 5. bxc3 f5 6. e4 fxe4 7. f3 Nf6 {A40: Unusual replies to 1 d4.} 8. Bg5 (8. fxe4 $14 d6 9. Bd3) 8... d6 $15 9. Qc2 {[#]} Bf5 $146 {Black has an edge.} ({Predecessor:} 9... Nbd7 10. fxe4 Ng4 11. Be2 Nge5 12. Nf3 Qa5 13. O-O Nxf3+ 14. Rxf3 {½-½ (14) Rodriguez Perez,M (1906)-Kraus,O (1996) Santa Cruz 2016}) 10. g4 Bc8 11. h3 Nbd7 12. Bg2 Qa5 13. f4 (13. fxe4 $11 {remains equal.} h5 14. gxh5) 13... Nb6 14. Ne2 Qa6 15. Bxe4 Kf7 $2 {[%mdl 8192]} (15... Qxc4 $17 {stays on course.} 16. Bxf6 exf6) 16. f5 $16 Qxc4 17. fxg6+ hxg6 18. Bxf6 (18. Bxg6+ $16 Kg8 19. Bxf6 exf6 20. Bd3) 18... exf6 $14 19. O-O-O ({Only move:} 19. Bxg6+ $16 Kg7 20. O-O-O (20. Bh5 Rxh5 21. gxh5 Qh4+ {[%mdl 64] Double Attack} 22. Kd1 Qxh5 $11)) 19... Bd7 (19... g5 $11) 20. Bxg6+ Kg7 21. Qe4 (21. Bd3 $14 Qa4 22. Qb2) 21... Qxe4 $15 ({Weaker is} 21... Qxa2 22. Qe7+ Kxg6 23. Nf4+ Kg5 24. Qg7+ Kxf4 25. Qxf6+ Ke3 26. Rhe1+ Qe2 27. Rxe2+ Kxe2 28. Qf1+ Ke3 29. Re1#) 22. Bxe4 Rae8 23. Ng3 Re5 24. Bf5 Ba4 $36 {[%mdl 2048] Black has some pressure.} 25. Bc2 Bxc2 26. Kxc2 Nxd5 {[#] ...Ne3+ is the strong threat.} 27. Rd3 Kg6 28. Nf5 $1 {aiming for Rxd5!} Re2+ 29. Kb1 Nb6 30. Rxd6 (30. Nxd6 $15 Na4 31. c4) 30... Rg2 (30... Na4 $17 31. c4 Nc3+ {[%mdl 64] Double Attack} 32. Kc1 Nxa2+ 33. Kb1 Nc3+ 34. Kc1 Rh7) 31. Re6 Na4 32. Re3 Rb2+ 33. Ka1 Rc2 34. Kb1 $1 {[%cal Rb1c2]} Rb2+ 35. Ka1 Rc2 36. Kb1 $1 {[%cal Rb1c2]} Rxc3 37. Re7 {[%csl Gf5][%cal Re7g7] [#]} Rh7 38. Rxh7 Kxh7 $11 {[%mdl 4096] Endgame KRN-KRN} 39. h4 ({White should try} 39. Re1 $11) 39... Rc4 $1 $15 {[%cal Rc4g4]} 40. Re1 (40. Ne3 $15 Re4 41. Nd5) 40... Rxg4 $17 41. Re7+ $2 (41. h5 $17) 41... Kg6 $19 42. Nd6 Rxh4 43. Nxb7 Rh2 44. Re3 $2 (44. Nd6) 44... Rb2+ {[%mdl 64] Double Attack. Never resign too early! Accuracy: White = 49%, Black = 76%.} 0-1